[Event "Online Olym Div4 C"]
[Site "Chess.com INT"]
[Date "2020.08.01"]
[Round "6.1"]
[White "Simelane, Wandile"]
[Black "Amba, Oyon Marius Claude"]
[Result "0-1"]
[WhiteElo "1560"]
[BlackElo "1911"]
[PlyCount "84"]
[EventDate "2020.07.31"]
[EventType "team-tourn (rapid)"]
[EventRounds "9"]
[EventCountry "USA"]
[SourceTitle "CBM 198"]
[Source "ChessBase"]
[SourceDate "2020.10.31"]
[SourceVersion "1"]
[SourceVersionDate "2020.10.31"]
[SourceQuality "1"]
[WhiteTeam "Swaziland"]
[BlackTeam "Cameroon"]
[WhiteTeamCountry "SWA"]
[BlackTeamCountry "CAM"]

1. e4 c5 2. Nf3 e6 3. d4 cxd4 4. Nxd4 a6 5. Be2 Qc7 6. 0-0 Nf6 7. Nd2 b5 8. Bf3 Bb7 9. e5 Nd5 10. Ne4 Qxe5 11. Re1 Qc7 12. b3 Be7 13. Bb2 0-0 14. Rc1 Nc6 15. c4 bxc4 16. Rxc4 Qd8 17. Nxc6 Bxc6 18. Qd4 Nf6 19. Ng5 Bxf3 20. Nxf3 d5 21. Ra4 a5 22. Ne5 Rc8 23. h4 Bc5 24. Qf4 Ne4 25. Bd4 Bxd4 26. Rxd4 Qc7 27. Nd3 Qxf4 28. Nxf4 Rc2 29. f3 Ng3 30. Ra4 Nf5 31. Nd3 d4 32. Rxa5 Nxh4 33. Nb4 Rxg2+ 34. Kf1 Rh2 35. f4 g6 36. Nc6 d3 37. b4 d2 38. Rd1 Nf3 39. b5 Rh1+ 40. Ke2 Re1+ 41. Kf2 Rxd1 42. b6 Rf1+ 0-1

[Event "Online Olym Div4 C"]
[Site "Chess.com INT"]
[Date "2020.07.31"]
[Round "3.4"]
[White "Simelane, Wandile"]
[Black "Mfune, Petros"]
[Result "0-1"]
[WhiteElo "1560"]
[BlackElo "1979"]
[PlyCount "70"]
[EventDate "2020.07.31"]
[EventType "team-tourn (rapid)"]
[EventRounds "9"]
[EventCountry "USA"]
[SourceTitle "CBM 198"]
[Source "ChessBase"]
[SourceDate "2020.10.31"]
[SourceVersion "1"]
[SourceVersionDate "2020.10.31"]
[SourceQuality "1"]
[WhiteTeam "Swaziland"]
[BlackTeam "Malawi"]
[WhiteTeamCountry "SWA"]
[BlackTeamCountry "MWI"]

1. e4 d5 2. exd5 Nf6 3. Bb5+ Nbd7 4. Nf3 Nxd5 5. 0-0 c6 6. Bc4 N7b6 7. Bb3 Bg4 8. h3 Bh5 9. d4 e6 10. c4 Nf6 11. Be3 Be7 12. Nc3 0-0 13. Re1 a5 14. c5 Nbd5 15. Nxd5 exd5 16. Qe2 Re8 17. Bc2 Ne4 18. g4 Bg6 19. Ne5 f5 20. Nxg6 hxg6 21. Bxe4 dxe4 22. Rad1 Qd5 23. b3 a4 24. Qc4 axb3 25. axb3 Ra3 26. Qxd5+ cxd5 27. Rb1 Bd8 28. b4 Bc7 29. gxf5 gxf5 30. Bc1 Rxh3 31. Kg2 Rh2+ 32. Kf1 f4 33. b5 f3 34. Kg1 Rg2+ 35. Kh1 Kf7 0-1

[Event "Olympiad-42"]
[Site "Baku"]
[Date "2016.09.09"]
[Round "7.2"]
[White "Elmi Boulaleh, Mohamed"]
[Black "Simelane, Wandile"]
[Result "0-1"]
[WhiteElo "1502"]
[BlackElo "1615"]
[PlyCount "102"]
[EventDate "2016.09.02"]
[EventType "team-swiss"]
[EventRounds "11"]
[EventCountry "AZE"]
[SourceTitle "CBM 175"]
[Source "ChessBase"]
[SourceDate "2016.11.10"]
[SourceVersion "1"]
[SourceVersionDate "2016.11.10"]
[SourceQuality "1"]
[WhiteTeam "Djibouti"]
[BlackTeam "Swaziland"]
[WhiteTeamCountry "DJI"]
[BlackTeamCountry "SWA"]

1. c4 Nf6 2. h3 e6 3. a3 Be7 4. e3 0-0 5. Bd3 d5 6. Ne2 b6 7. Nbc3 Bb7 8. 0-0 a6 9. b3 Nbd7 10. Bb1 Ne5 11. d4 Ng6 12. Ng3 c5 13. Nce2 dxc4 14. bxc4 Bd6 15. f4 Qc7 16. e4 Nd7 17. e5 Be7 18. f5 Nh4 19. f6 Nxf6 20. exf6 Bxf6 21. Rxf6 gxf6 22. Nf4 Ng6 23. Ngh5 Qd8 24. d5 e5 25. Nd3 Qd6 26. Qd2 Kh8 27. Qh6 Rg8 28. Ra2 b5 29. Nxc5 Qxc5+ 30. Be3 Qe7 31. Rf2 Qf8 32. Rxf6 Qxh6 33. Bxh6 bxc4 34. Be4 Rae8 35. Rxf7 Re7 36. Rf6 c3 37. Ng3 Rd7 38. h4 Bxd5 39. Bxd5 Rxd5 40. h5 Nf4 41. Bxf4 Rd1+ 42. Kh2 exf4 43. Ne4 c2 44. Rc6 c1Q 45. Rxc1 Rxc1 46. h6 Rc2 47. Kh3 Rgxg2 48. Kh4 Rc1 49. Ng5 Rh1+ 50. Nh3 f3 51. a4 a5 0-1

[Event "Olympiad-42"]
[Site "Baku"]
[Date "2016.09.05"]
[Round "4.3"]
[White "Franklyn, Gibson"]
[Black "Simelane, Wandile"]
[Result "1-0"]
[WhiteElo "1987"]
[BlackElo "1615"]
[PlyCount "91"]
[EventDate "2016.09.02"]
[EventType "team-swiss"]
[EventRounds "11"]
[EventCountry "AZE"]
[SourceTitle "CBM 175"]
[Source "ChessBase"]
[SourceDate "2016.11.10"]
[SourceVersion "1"]
[SourceVersionDate "2016.11.10"]
[SourceQuality "1"]
[WhiteTeam "Bahamas"]
[BlackTeam "Swaziland"]
[WhiteTeamCountry "BAH"]
[BlackTeamCountry "SWA"]

1. c4 Nf6 2. g3 g6 3. Bg2 Bg7 4. Nc3 d6 5. d3 0-0 6. Rb1 c6 7. e3 a5 8. Nge2 Na6 9. 0-0 Bd7 10. a3 Qc7 11. b4 axb4 12. axb4 Qc8 13. Re1 Bh3 14. Bh1 Rb8 15. b5 cxb5 16. cxb5 Nc5 17. d4 Ne6 18. Qb3 Ng5 19. Nf4 Bg4 20. Rf1 Nf3+ 21. Kg2 e5 22. h3 exf4 23. hxg4 Qxg4 24. exf4 Nxd4 25. Qd1 Qxd1 26. Rxd1 Nf5 27. Ba3 Rfd8 28. Kh3 h5 29. Rd3 Ng4 30. Kg2 Rbc8 31. Rc1 Bxc3 32. Rcxc3 Rxc3 33. Rxc3 Rd7 34. b6 d5 35. Rc7 Rd8 36. Rxb7 d4 37. Kf1 d3 38. Bf3 d2 39. Bd1 Nd6 40. Re7 Nc4 41. Bc5 Nb2 42. Ke2 Nxd1 43. Kxd1 Nh2 44. b7 Nf3 45. Rc7 Kh7 46. Rc8 1-0